| 000 | 00437nam a2200145Ia 4500 | ||
|---|---|---|---|
| 003 | GCL | ||
| 008 | 140319s9999 xx 000 0 eng d | ||
| 040 |
_aGCL / _cGCL |
||
| 082 | 0 | 4 |
_aC C _b962.05 _bT C |
| 100 | 1 | _aTRIPP, CHARLES | |
| 245 | 1 | 0 |
_aCONTEMPORARY EGYPT: THROUGH EGPTIAN EYES: ESSAYS IN HONOUR OF PROFESSOR P.J VATIKIOTIS / _cTRIPP, CHARLES |
| 260 |
_a[S.N] : _bROOTLEDGE |
||
| 650 | 0 | 4 | _aEGYPT - HISTORY - 1919 |
| 942 |
_2ddc _cBK |
||
| 999 |
_c11855 _d11855 |
||